000 00193 a2200097 4500
001 2949
100 _aHeikal M
245 _aAutumn of fury
260 _a
_bCorgi books
_c
090 _c2241
_d2241
942 _aNUST-CAE
_cM
_c13792
999 _c238022
_d238022